Statistics for Countries and States Closest in Size to New York

Click here to take the quiz!

General Stats

  • This quiz has been taken 24 times
  • The average score is 10 of 14

Answer Stats

Area in km2 (sqmi) Hint Answer % Correct
163820 (63250)South AmericaSuriname
86%
153910 (59425)US StateGeorgia
81%
139391 (53819)US StateNorth Carolina
81%
131990 (50960)Southern EuropeGreece
76%
163610 (63170)North AfricaTunisia
71%
145746 (56272)US StateIowa
71%
149995 (57913)US StateIllinois
67%
135767 (52420)US StateAlabama
67%
130373 (50337)North AmericaNicaragua
67%
147181 (56817)South AsiaNepal
62%
137732 (53178)US StateArkansas
62%
135659 (52378)US StateLouisiana
62%
147570 (56980)South AsiaBangladesh
52%
143100 (55300)Central AsiaTajikistan
52%

Score Distribution

Percentile by Number Answered

Percent of People with Each Score

Your Score History

You have not taken this quiz